000 00455nab a2200145Ia 4500
003 ES-SlBCS
005 20210601131732.0
008 140529s1953 xxu||||| |||| 00| 0 fre d
041 _afre
100 1 _aCourtet, François
_9188417
245 0 0 _aLa conférence de Rome marque-t-elle la fin d'une Europe?
_c François Courtet
611 2 4 _aConferencia de Roma
_9188418
773 0 _tVie Intelectuelle (La)
_gnº. 4, 1953, págs. 86-89
_wRev907
942 _cAR
999 _c567875
_d567875